000 01055nam a2200265 a 4500
999 _c399343
_d399343
003 BLK
005 20230822112548.0
008 210301b bu |||||r|||| 00| | bu d
020 _a9786190207184
040 _aBLK
041 _aBUL
_cBUL
080 _aИталианска литература
_b821.131.1
_x-31
_z821.131.1-31
100 _91299
_aФиорети, Франческо
_eпърви автор
139 _aФиорети, Франческо
_bФ 45
245 _aРафаело : изгубената истина
_bРоман
_cФранческо Фиорети ; прев. от итал. Милена Дякова
260 _9209486
_aСофия
_bКолибри
_c2020
_n978-619-02- ; 978-619-150- ; 978-954-150- ; 978-954-529-
300 _a286 с.
_c20 см
380 _aX
700 _9452771
_aДякова, Милена Недева
_eпрев. от итал.
852 _aЦб 306260
_bЦб
942 _cKNG
_n0
_s1
_014
944 _aCR
_c2021-03-01
_k30576
_lЦветомила Тодорова
999 _d399343
999 _d399343